Introduction to PSpice using OrCAD for circuits and electronics / (Include CD) (Record no. 182131)
[ view plain ]
| 000 -LEADER | |
|---|---|
| fixed length control field | 01094 a2200229 4500 |
| 003 - CONTROL NUMBER IDENTIFIER | |
| control field | Nust |
| 005 - DATE AND TIME OF LATEST TRANSACTION | |
| control field | 20221129112624.0 |
| 010 ## - LIBRARY OF CONGRESS CONTROL NUMBER | |
| LC control number | 2003048208 |
| 020 ## - INTERNATIONAL STANDARD BOOK NUMBER | |
| International Standard Book Number | 8129702967 |
| 040 ## - CATALOGING SOURCE | |
| Transcribing agency | Nust |
| 082 00 - DEWEY DECIMAL CLASSIFICATION NUMBER | |
| Classification number | 621.3815,RAS |
| 100 1# - MAIN ENTRY--PERSONAL NAME | |
| Personal name | Rashid, M. H. |
| 9 (RLIN) | 9011 |
| 245 10 - TITLE STATEMENT | |
| Title | Introduction to PSpice using OrCAD for circuits and electronics / (Include CD) |
| Statement of responsibility, etc. | Muhammad H. Rashid. |
| 250 ## - EDITION STATEMENT | |
| Edition statement | 3rd ed. |
| 260 ## - PUBLICATION, DISTRIBUTION, ETC. | |
| Place of publication, distribution, etc. | Upper Saddle River, NJ : |
| Name of publisher, distributor, etc. | Pearson/Prentice Hall, |
| Date of publication, distribution, etc. | c2004. |
| 300 ## - PHYSICAL DESCRIPTION | |
| Extent | xviii, 456 p. : |
| Other physical details | ill. ; |
| Dimensions | 24 cm. + |
| Accompanying material | 1 CD-ROM (4 3/4 in.) |
| 505 ## - FORMATTED CONTENTS NOTE | |
| Formatted contents note | Introduction (Page-1), Circuit Descriptions (Page-14), DC Circuit Analysis (Page-39), Transient Analysis (Page-84), AC Circuit Analysis (Page-131), Advanced SPICE Commands and Analysis (Page-159), Semiconductor Diodes (Page-203), Bipolar Junction Transistors (Page-237), Field Effect Transistors (Page-289), Op-Amp Circuits (Page-340), Difficulties (Page-373), Drawing in PSpice Schematics (Page-393). |
| 650 #0 - SUBJECT ADDED ENTRY--TOPICAL TERM | |
| Topical term or geographic name entry element | Telecommunication engineering |
| 651 ## - SUBJECT ADDED ENTRY--GEOGRAPHIC NAME | |
| Geographic name | (Include CD) |
| 9 (RLIN) | 8953 |
| 700 1# - ADDED ENTRY--PERSONAL NAME | |
| Personal name | Rashid, M. H. |
| 9 (RLIN) | 9011 |
| 942 ## - ADDED ENTRY ELEMENTS (KOHA) | |
| Source of classification or shelving scheme | |
| Koha item type | Book |
| Withdrawn status | Lost status | Source of classification or shelving scheme | Damaged status | Not for loan | Permanent Location | Current Location | Shelving location | Date acquired | Full call number | Barcode | Date last seen | Price effective from | Koha item type | Public note |
|---|---|---|---|---|---|---|---|---|---|---|---|---|---|---|
| Military College of Signals (MCS) | Military College of Signals (MCS) | General Stacks | 12/12/2016 | 621.3815,RAS | MCS31100 | 12/08/2016 | 12/12/2016 | Book | Almirah No.33, Shelf No.2 |
